Taylor Swift mystery lyrics #69 - Statistics

General Stats
  • This quiz has been taken 93 times
  • The average score is 175 of 240
Answer Stats
Answer % Correct
I
100%
a
98%
the
98%
The
98%
We
98%
we
98%
you
98%
You
98%
it
97%
when
95%
And
94%
and
94%
for
94%
me
94%
your
94%
to
91%
is
89%
my
89%
you're
89%
You're
89%
do
86%
in
86%
it's
86%
this
86%
go
85%
that
85%
were
85%
we're
85%
if
83%
love
83%
I'm
82%
like
82%
just
80%
not
80%
so
80%
They
80%
could
77%
know
77%
all
76%
But
76%
by
76%
I'd
76%
there
76%
can
74%
us
74%
with
74%
get
73%
can't
71%
how
71%
say
70%
talk
68%
said
67%
away
64%
die
64%
think
64%
out
62%
still
62%
Still
62%
about
61%
babe
61%
even
61%
Even
61%
up
61%
false
58%
god
58%
might
58%
good
56%
New
55%
We'd
55%
crazy
53%
Crazy
53%
Got
53%
thing
53%
times
52%
worship
52%
York
52%
lips
50%
hips
48%
City
47%
favorite
47%
warned
47%
hell
45%
jump
45%
Remember
45%
fight
44%
Make
44%
Religion's
44%
stupid
44%
touch
44%
try
44%
blind
42%
Blind
42%
work
42%
faith
41%
gets
41%
lost
41%
ocean
41%
altar
39%
Village
39%
leave
38%
road
38%
Staring
38%
West
38%
hard
36%
heaven's
36%
town
36%
Honey
35%
separating
35%
led
33%
window
33%
patch
32%
begging
29%
fly
29%
Daring
27%
forgiveness
27%
wine
27%
scare
26%
confessions
21%
No matching quizzes found
Score Distribution
Percent of People with Each Score
Percentile by Number Answered
Your Score History
You have not taken this quiz